Ley sobre la Autorización para Transplantar Órganos y Materiales Anatómicos Humanos y su Reglamento (Registro nro. 3485)

Detalles MARC
000 -Cabecera
Campo de control de longitud fija 00628aam a2200229 4500
005 - Fecha y hora de la última transacción
Campo de control 20250923152520.0
008 - Elementos de longitud fija--Información general
Campo de control de longitud fija 150227b2000 xxu||||| |||| 00| 0 ES d
020 ## - International Standard Book Number
Número Internacional Estándar del Libro (ISBN) 9977131996
041 ## - Idioma
Código de idioma Español
082 ## - Clasificación Decimal Dewey
Número de clasificación 617.954 C8374L
100 ## - Entrada principal--Autor personal
Nombre personal Costa Rica
9 (RLIN) 11811
245 ## - Título propiamente dicho
Título Ley sobre la Autorización para Transplantar Órganos y Materiales Anatómicos Humanos y su Reglamento
260 ## - Pie de imprenta
Lugar de publicación, distribución, etc. Costa Rica
260 ## - Pie de imprenta
Nombre del editor, distribuidor, etc. Editec Editores
260 ## - Pie de imprenta
Fecha de publicación, distribución, etc. 2000
300 ## - Descripción física
Extensión 38 páginas
490 ## - Serie
Título de la Serie Temática General
650 ## - Materia general
Temática (materia general) TRANSPLANTE DE ÓRGANOS
650 ## - Materia general
Temática (materia general) LEGISLACIÓN
650 ## - Materia general
Temática (materia general) COSTA RICA
942 ## - Punto de acceso adicional KOHA
Tipo de ítem KOHA Libro
Fuente del sistema de clasificación o colocación Dewey Decimal Classification
Existencias
Signatura completa Código de barras Programa Académico Tipo de ítem
617.954 C8374L 18448 Temática General Libro